Catálogo descriptivo de los árboles frutales y de adorno, arbustos, semillas y otros vejetales que existen en el establecimiento de horticultura de Juan Cruz de Eguileor, Bilbao, Abando. (Record no. 43300)

MARC details
000 -LEADER
campo de control de longitud fija 00875nam a2200193 i 4500
001 - NÚMERO DE CONTROL
campo de control 43300
003 - IDENTIFICADOR DE NÚMERO DE CONTROL
campo de control ES-MaACL
005 - FECHA Y HORA DE LA ÚLTIMA TRANSACCIÓN
campo de control 20230906160752.0
007 - CAMPO FIJO DE DESCRIPCIÓN FÍSICA--INFORMACIÓN GENERAL
campo de control de longitud fija t|
008 - DATOS DE LONGITUD FIJA--INFORMACIÓN GENERAL
campo de control de longitud fija 030317s1872 sp |||| | spa d
110 2# - ENTRADA PRINCIPAL--NOMBRE DE ENTIDAD CORPORATIVA
Nombre de entidad corporativa o nombre de jurisdicción como elemento de entrada Establecimiento de Horticultura de Juan Cruz de Eguileor.
9 (RLIN) 159138
245 10 - MENCIÓN DEL TÍTULO
Título Catálogo descriptivo de los árboles frutales y de adorno, arbustos, semillas y otros vejetales que existen en el establecimiento de horticultura de Juan Cruz de Eguileor, Bilbao, Abando.
260 ## - PUBLICACIÓN, DISTRIBUCIÓN, ETC.
Lugar de publicación, distribución, etc. Bilbao :
Nombre del editor, distribuidor, etc. [s.n.],
Fecha de publicación, distribución, etc. 1872 (
Fabricante Imp. de la Viuda de Delmas)
300 ## - DESCRIPCIÓN FÍSICA
Extensión 20 p. ;
Dimensiones 21 cm.
650 #4 - PUNTO DE ACCESO ADICIONAL DE MATERIA--TÉRMINO DE MATERIA
Término de materia o nombre geográfico como elemento de entrada Árboles frutales-
Subdivisión de forma Catálogos.
9 (RLIN) 151880
650 #4 - PUNTO DE ACCESO ADICIONAL DE MATERIA--TÉRMINO DE MATERIA
Término de materia o nombre geográfico como elemento de entrada Plantas ornamentales-
Subdivisión de forma Catálogos.
9 (RLIN) 151881
650 #4 - PUNTO DE ACCESO ADICIONAL DE MATERIA--TÉRMINO DE MATERIA
Término de materia o nombre geográfico como elemento de entrada Plantas-
Subdivisión de forma Catálogos.
9 (RLIN) 141827
852 ## - LOCALIZACIÓN
Ubicación ES-MaACL
Número de control de estantería T-678-F-3
Nota libre .- Sello de "Los Escolares Médicos"
-- - Enc. en un vol. facticio conservando cub. original
Holdings
Estatus retirado Estado de pérdida Estado de daño No para préstamo Colección Biblioteca de origen Biblioteca actual Ubicación en estantería Fecha de adquisición Fuente de adquisición Total de préstamos Signatura topográfica completa Código de barras Visto por última vez Precio de reemplazo Tipo de ítem Koha
        Colección de folletos Biblioteca del Ateneo de Madrid Biblioteca del Ateneo de Madrid Depósito folletos 17/01/2008     T-678-F-3 1045583 23/02/2023 23/02/2023 Folleto